| 000 -LEADER | |
|---|---|
| fixed length control field | 00430nam a22001697a 4500 |
| 005 - DATE AND TIME OF LATEST TRANSACTION | |
| control field | 20160701152759.0 |
| 008 - FIXED-LENGTH DATA ELEMENTS--GENERAL INFORMATION | |
| fixed length control field | 160701b xxu||||| |||| 00| 0 eng d |
| 020 ## - INTERNATIONAL STANDARD BOOK NUMBER | |
| ISBN | 81-219-1114-1 |
| 041 ## - LANGUAGE CODE | |
| Language code of text/sound track or separate title | eng |
| 082 ## - DEWEY DECIMAL CLASSIFICATION NUMBER | |
| Item number | 20669 |
| 100 ## - MAIN ENTRY--AUTHOR NAME | |
| Personal name | Sharma Dr.PC |
| 245 ## - TITLE STATEMENT | |
| Title | A Text book of production Technology |
| 260 ## - PUBLICATION, DISTRIBUTION, ETC. (IMPRINT) | |
| Place of publication | New Delhi |
| Name of publisher | Sultan Chand & Sons, |
| Year of publication | 2014 |
| 300 ## - PHYSICAL DESCRIPTION | |
| Number of Pages | 827 |
| 650 ## - SUBJECT ADDED ENTRY--TOPICAL TERM | |
| Topical Term | Diploma Engineering |
| 942 ## - ADDED ENTRY ELEMENTS (KOHA) | |
| Koha item type | Books |
| Lost status | Damaged status | Collection code | Home library | Current library | Shelving location | Date acquired | Source of acquisition | Cost, normal purchase price | Full call number | Accession Number | Koha item type |
|---|---|---|---|---|---|---|---|---|---|---|---|
| Reference | JRU Library | JRU Library | SHELF-15-B | 01/07/2016 | PURCHES | 495.00 | 20669 | 20669 | Books | ||
| JRU Library | JRU Library | SHELF-15-B | 01/07/2016 | 495.00 | 20669 | 20670 | Books | ||||
| JRU Library | SHELF-42-N | 01/07/2016 | 495.00 | 20669 | 20671 | Books | |||||
| JRU Library | SHELF-42-N | 01/07/2016 | 495.00 | 20669 | 20672 | Books | |||||
| JRU Library | SHELF-42-N | 01/07/2016 | 495.00 | 20669 | 20673 | Books | |||||
| JRU Library | 01/07/2016 | 495.00 | 20669 | 20674 | Books | ||||||
| JRU Library | SHELF-42-N | 01/07/2016 | 495.00 | 20669 | 20675 | Books | |||||
| JRU Library | SHELF-42-N | 01/07/2016 | 495.00 | 20669 | 20676 | Books | |||||
| Reference | JRU Library | SHELF -72- F | 01/07/2016 | PURCHES | 495.00 | 20677 | Books | ||||
| JRU Library | SHELF-42-N | 01/07/2016 | 495.00 | 20669 | 20678 | Books |